000 01370nam a2200373 4500
001 148786
003 ES-MaACL
005 20250804062748.0
007 t|
008 070214m19601966sp r ||||1| spa d
017 _aM 2016-1960
_bOficina Depósito Legal Madrid
040 _cES-MaACL
100 0 _aSuárez, Francisco
_9108560
_eaut
245 1 0 _aDisputaciones metafísicas /
_cFrancisco Suárez ; edición y traducción de Sergio Rabade Romeo, Salvador Caballero Sánchez y Antonio Puigcerver Zamón.
260 _aMadrid :
_bGredos,
_c[1960-66] (
_fCóndor).
300 _a7 v. ;
_c25 cm.
490 1 _aBiblioteca hispánica de filosofía
650 7 _aFilosofía
_2embne
_912802
650 7 _aMetafísica
_2embne
_915012
700 1 _aRábade Romeo, Sergio
_994831
_etrl
700 0 _aCaballero Sánchez, Salvador
_933123
_etrl
700 0 _aPuigcerver Zamón, Antonio
_994291
_etrl
830 0 _aBiblioteca hispánica de Filosofía
_9181000
852 _aES-MaACL
_jL-2186
_bR.46096
_cDEPO2
_xEncuadernación rústica
852 _aES-MaACL
_jL-2187
_cDEPO2
852 _aES-MaACL
_jL-2188
_cDEPO2
852 _aES-MaACL
_jL-2189
_cDEPO2
852 _aES-MaACL
_jL-2190
_cDEPO2
852 _aES-MaACL
_jL-2191
_cDEPO2
852 _aES-MaACL
_jL-2192
_cDEPO2
942 _cMONOGRAFIA
999 _c148786
_d148786